| 000 -CABECERA |
| Longitud fija campo de control |
00565nam a2200157 a 4500 |
| 001 - NÚMERO DE CONTROL |
| Número de control |
5384 |
| 003 - IDENTIFICADOR DEL NÚMERO DE CONTROL |
| Identificador del número de control |
CDMR |
| 005 - FECHA Y HORA DE LA ÚLTIMA TRANSACCIÓN |
| Fecha y hora de la última transacción |
20130228164626.0 |
| 008 - CÓDIGOS DE INFORMACIÓN DE LONGITUD FIJA |
| Códigos de información de longitud fija |
130130s2003||||||||||||||||||||||||||||d |
| 040 ## - FUENTE DE LA CATALOGACIÓN |
| Centro catalogador de origen |
CDMR |
| Lengua de catalogación |
cat |
| Centro transcriptor |
CDMR |
| 111 2# - PUNTO DE ACCESO PRINCIPAL-NOMBRE DE CONGRESO |
| 9 (RLIN) |
3020 |
| Nombre de congreso o jurisdicción como elemento de entrada |
Outono Fotográfico |
| Sede del congreso |
Ourense |
| Fecha del congreso |
2003 |
| 245 10 - MENCIÓN DE TÍTULO |
| Título |
Outono Fotográfico 2003 |
| Resto del título |
: IV Certame Galego de Imaxe Artística Xuventude 2003 Fotografía |
| 260 ## - PUBLICACIÓN, DISTRIBUCIÓN, ETC. (PIE DE IMPRENTA) |
| Lugar de publicación, distribución, etc. |
Ourense |
| Fecha de publicación, distribución, etc. |
2003 |
| Nombre del editor, distribuidor, etc. |
Xunta de Galicia. Consellería de Familia, Xuventude, Deporte e Voluntariado |
| 500 ## - NOTA GENERAL |
| Nota general |
Catàleg de les exposicions de l'edició de 2003 |
| 942 ## - ENTRADA DE ELEMENTOS AGREGADOS (KOHA) |
| Koha [por defecto] tipo de item |
Monografies |
| Fuente de clasificaión o esquema |
|